| 000 | 01124nam a22002891a 4500 | ||
|---|---|---|---|
| 001 | 19907 | ||
| 003 | BD-RjUL | ||
| 005 | 20211209000508.0 | ||
| 008 | 1402.2r19531948enk b 001 0 eng d | ||
| 035 | _a(BD-RjUL)19968 | ||
| 040 |
_aNZOC _beng _cNZOC _dNZOC _dBD-RjUL |
||
| 041 | 1 |
_aeng _hfre |
|
| 082 | 0 | 4 |
_a330.1 _220 _bGIH 1953 |
| 100 | 1 |
_aGide, Charles. _d1847-1932. _97758 |
|
| 245 | 1 | 2 |
_aA history of economic doctrines from the time of the physiocrats to the present day / _cby Charles Gide and Charles Rist ; authorized translation by R. Richards. |
| 250 | _a2nd English ed., with additional matter from the latest French editions translated / by Ernest F. Row | ||
| 260 |
_aLondon : _bG. Harrap, _c1948 [Reprinted 1953] |
||
| 300 |
_a800p. ; _c23 cm. |
||
| 504 | _aIncludes bibliographical references and index. | ||
| 650 | 0 |
_aEconomic history. _95844 |
|
| 650 | 0 |
_aEconomics _9220900 |
|
| 700 | 1 |
_aRist, Charles, _d1874- , jt. auth. _961164 |
|
| 700 | 1 |
_aRichards, Robert, _d1884- , tr. _961165 |
|
| 700 | 1 |
_aRoe, Ernest F. , jt. tr. _9220901 |
|
| 942 |
_2ddc _cBK |
||
| 999 |
_c19907 _d19907 |
||